Online
Catalog

El exilio femenino en México / (Record no. 42757)

MARC details
000 -CABECERA
campo de control de longitud fija 01106nam a2200253 a 4500
001 - NÚMERO DE CONTROL
campo de control 000043268
005 - FECHA Y HORA DE LA ÚLTIMA TRANSACCIÓN
campo de control 20250909091242.0
008 - DATOS DE LONGITUD FIJA--INFORMACIÓN GENERAL
campo de control de longitud fija 140303s2011 sp 000 0 spa d
020 ## - NÚMERO INTERNACIONAL ESTÁNDAR DEL LIBRO
Número Internacional Estándar del Libro 9788483471425
040 ## - FUENTE DE LA CATALOGACIÓN
Centro catalogador/agencia de origen DO-SdBNP
Lengua de catalogación spia
Centro/agencia transcriptor BNPHU
245 00 - MENCIÓN DE TÍTULO
Título El exilio femenino en México /
Mención de responsabilidad, etc. compiladoras Alicia Girón y Eugenia Correa.
260 ## - PUBLICACIÓN, DISTRIBUCIÓN, ETC.
Lugar de publicación, distribución, etc. Madrid :
Nombre del editor, distribuidor, etc. Agencia Española de Cooperación Internacional,
Fecha de publicación, distribución, etc. 2011.
300 ## - DESCRIPCIÓN FÍSICA
Extensión 239 p. ;
Dimensiones 24 cm.
490 1# - MENCIÓN DE SERIE
Mención de serie Antología del pensamiento político, social y económico de América latina ;
Designación de volumen o secuencia 15
490 1# - MENCIÓN DE SERIE
Mención de serie Ciencias y humanismo
504 ## - NOTA DE BIBLIOGRAFÍA, ETC.
Nota de bibliografía, etc. Incluye referencias bibliográficas y notas al pie de las páginas
504 ## - NOTA DE BIBLIOGRAFÍA, ETC.
Nota de bibliografía, etc. Bibliografía : p. 225-239.
500 ## - NOTA GENERAL
Nota general Incluye datos biográficos de los editores en al solapa de la cubierta
700 1# - PUNTO DE ACCESO ADICIONAL--NOMBRE DE PERSONA
Nombre de persona Girón García, Alicia.
Término indicativo de función/relación comp.
9 (RLIN) 70884
700 1# - PUNTO DE ACCESO ADICIONAL--NOMBRE DE PERSONA
Nombre de persona Correa, Eugenia.
Término indicativo de función/relación comp.
9 (RLIN) 70879
710 2# - PUNTO DE ACCESO ADICIONAL--NOMBRE DE ENTIDAD CORPORATIVA
Nombre de entidad corporativa o nombre de jurisdicción como elemento de entrada Agencia Española de Cooperación Internacional
9 (RLIN) 34585
830 #0 - PUNTO DE ACCESO ADICIONAL DE SERIE-TÍTULO UNIFORME
Título uniforme Antología del pensamiento político, social y económico de América Latina
Designación de volumen o secuencia 15
9 (RLIN) 70880
830 #0 - PUNTO DE ACCESO ADICIONAL DE SERIE-TÍTULO UNIFORME
Título uniforme Ciencias y humanismo
9 (RLIN) 70218
Holdings
Estado de retiro Estado de pérdida Restricciones de uso No para préstamo Código de colección Localización permanente Ubicación/localización actual Ubicación en estantería Fecha de adquisición Número de inventario Total de préstamos Signatura topográfica completa Código de barras Fecha visto por última vez Precio válido a partir de Tipo de ítem Koha
      Excluido de préstamo Monografías: Libros y Folletos General General En catalogación 03.03.2014 LF1   43268-10 25.06.2020 25.06.2020 No se presta

Powered by Koha